Nápadník na téma občanská angažovanost / [autoři Lukáš Kala ... et al.]
Record details
- ISBN: 978-80-87604-52-6
- Physical Description: 47 s. : il. ; 30 cm + 1 CD-ROM
- Edition: 1. vyd.
- Publisher: Brno : Lipka - školské zařízení pro environmentální vzdělávání, 2013
Content descriptions
| Bibliography, etc. Note: | Obsahuje bibliografie |
Search for related items by subject
| Subject: | environmentální výchova a vzdělávání občanská angažovanost ekologická stopa didaktické hry environmental education community involvement ecological footprint educational games |
| Genre: | metodické příručky methodological manuals |
Available copies
- 1 of 1 copy available at Common Catalog SPOK.
Holds
- 0 current holds with 1 total copy.
Show Only Available Copies
| Location | Call Number / Copy Notes | Barcode | Shelving Location | Status | Due Date |
|---|---|---|---|---|---|
| Varianty | GRV Met Na | 4605402226V | Šafaříkova 17 - 5. patro, GRV | Available | - |
| LDR | 01512nam a2200433 a 4500 | ||
|---|---|---|---|
| 001 | 51436 | ||
| 003 | CZ-PrJAB | ||
| 005 | 20140704083710.0 | ||
| 007 | ta | ||
| 008 | 140107s2013 xr a e f 000 0 cze | ||
| 015 | . | ‡acnb002538475 | |
| 020 | . | ‡a978-80-87604-52-6 ‡q(brož.) | |
| 035 | . | ‡a(CZ PrNK)nkc20142538475 | |
| 035 | . | ‡a(OCoLC)886601399 | |
| 040 | . | ‡aBOA001 ‡bcze ‡dOLA001 ‡dABA001 | |
| 072 | 7. | ‡a502 ‡xŽivotní prostředí a jeho ochrana ‡2Konspekt ‡92 | |
| 080 | . | ‡a502:37.03 ‡2MRF | |
| 080 | . | ‡a323.212:172.1 ‡2MRF | |
| 080 | . | ‡a502.1 ‡2MRF | |
| 080 | . | ‡a37.091.33 ‡2MRF | |
| 080 | . | ‡a(072) ‡2MRF | |
| 245 | 0 | 0. | ‡aNápadník na téma občanská angažovanost / ‡c[autoři Lukáš Kala ... et al.] |
| 250 | . | ‡a1. vyd. | |
| 260 | . | ‡aBrno : ‡bLipka - školské zařízení pro environmentální vzdělávání, ‡c2013 | |
| 300 | . | ‡a47 s. : ‡bil. ; ‡c30 cm + ‡e1 CD-ROM | |
| 504 | . | ‡aObsahuje bibliografie | |
| 650 | 0 | 7. | ‡aenvironmentální výchova a vzdělávání ‡7ph119964 ‡2czenas |
| 650 | 0 | 7. | ‡aobčanská angažovanost ‡7ph135605 ‡2czenas |
| 650 | 0 | 7. | ‡aekologická stopa ‡7ph487799 ‡2czenas |
| 650 | 0 | 7. | ‡adidaktické hry ‡7ph119432 ‡2czenas |
| 650 | 0 | 9. | ‡aenvironmental education ‡2eczenas |
| 650 | 0 | 9. | ‡acommunity involvement ‡2eczenas |
| 650 | 0 | 9. | ‡aecological footprint ‡2eczenas |
| 650 | 0 | 9. | ‡aeducational games ‡2eczenas |
| 655 | 7. | ‡ametodické příručky ‡7fd132826 ‡2czenas | |
| 655 | 9. | ‡amethodological manuals ‡2eczenas | |
| 700 | 1 | . | ‡aKala, Lukáš ‡7osa2012714998 ‡4aut |
| 910 | . | ‡aABH006 | |
| 901 | . | ‡a51436 ‡bAUTOGEN ‡c51436 ‡tbiblio | |